LEADER 00979nam a2200241 4500 001 000000364541 003 CaOOAMICUS 005 20251002122646.0 008 251001s2013 xxk 000 u eng r 020 $a978-0-00-752749-6 040 $aSeMil$bita 100 1 $aChristie, Agatha,$d<1890-1976>.$0(OLS)http://semarc/name/7447 240 14$aThe mysterious affair at Styles.$0(OLS)http://semarc/title/455963 245 14$aThe mysterious affair at Styles /$cAgatha Christie. 264 1$aLondon :$bHarperCollins,$c2013. 300 $aXVI, 258 p. ;$c20 cm 850 $aSeMil 852 $aSeMil$W1$xVenegono$y1$m1W II 182$j262698$B255401$CSeMilBibl$Z2$F255401 $81 961 $aBrambilla don Paolo - Omaggio 996 $6020$a978-0-00-752749-6$9(OLS)http://semarc/number/304239 996 $6245$aThe mysterious affair at Styles$9(OLS)http://semarc/title/455943 996 $6264$aLondon :$bHarperCollins$9(OLS)http://semarc/publisher/34327 LEADER 00730nam a2200205 i 4500 001 000000104908 003 CaOOAMICUS 005 20020216000000.0 008 020216n fr u000 u fre u 013 $a77097 040 $aSeMil$bita 245 10$aTome troisième. 300 $a419 p. 700 1 $aNoüet, Jacques,$c.$0(OLS)http://semarc/name/2862 773 0 $aNoüet, Jacques $tOeuvres du p. Nouet.$dParis ; Lyon : Jacques Lecoffre$g25$w()6858 773 0 $tRetraites.$w()6860 773 0 $tSes retraites annuelles.$w()6861 850 $aSeMil 852 $aSeMil$W1$xVenegono$y1$m660 52 25 *$j61207$B61207$CSeMilBibl$Z2$F70926 $81 996 $6245$aTome troisième$9(OLS)http://semarc/title/14441